[Event "Rome City op 5th"]
[Site "Rome"]
[Date "2023.12.07"]
[Round "6"]
[White "Sibilio, Mario"]
[Black "Beliman, Alexandro"]
[Result "1-0"]
[WhiteElo "2268"]
[BlackElo "2040"]
[PlyCount "47"]
[EventDate "2023.12.04"]
[EventType "swiss"]
[EventRounds "9"]
[EventCountry "ITA"]
[SourceTitle "CB50_2023"]
[SourceDate "2023.12.13"]
[SourceVersion "1"]
[SourceVersionDate "2023.12.13"]
[SourceQuality "1"]

1. d4 Nf6 2. c4 e6 3. Nc3 d5 4. Bg5 dxc4 5. Nf3 a6 6. e3 b5 7. a4 b4 8. Ne4 Nbd7 9. Bxc4 Bb7 10. Bd3 Be7 11. Bxf6 Nxf6 12. Qc2 Nxe4 13. Bxe4 Bxe4 14. Qxe4 0-0 15. Rc1 Bd6 16. b3 Qe7 17. Rc6 g6 18. 0-0 Ra7 19. Rfc1 Rb8 20. Qd3 a5 21. e4 e5 22. g3 Re8 23. Qc4 exd4 24. e5 1-0

[Event "Rome City op 5th"]
[Site "Rome"]
[Date "2023.12.07"]
[Round "5"]
[White "Tolonen, Mikko"]
[Black "Sibilio, Mario"]
[Result "1/2-1/2"]
[WhiteElo "2051"]
[BlackElo "2268"]
[PlyCount "77"]
[EventDate "2023.12.04"]
[EventType "swiss"]
[EventRounds "9"]
[EventCountry "ITA"]
[SourceTitle "CB50_2023"]
[SourceDate "2023.12.13"]
[SourceVersion "1"]
[SourceVersionDate "2023.12.13"]
[SourceQuality "1"]

1. e4 g6 2. d4 Bg7 3. Nc3 d6 4. Be3 a6 5. Nf3 Nd7 6. Qd2 e6 7. Bd3 h6 8. Ne2 b6 9. h3 Bb7 10. c3 Ngf6 11. Ng3 Qe7 12. 0-0 c5 13. Nh2 h5 14. f3 h4 15. Ne2 Nh5 16. Bg5 Bf6 17. f4 cxd4 18. cxd4 Ng3 19. Nxg3 hxg3 20. Nf3 Bxg5 21. Nxg5 f6 22. Nf3 e5 23. Rae1 b5 24. Bc2 0-0-0 25. a4 bxa4 26. Bxa4 Nb6 27. Bb3 exd4 28. Qxd4 Nd7 29. Bd5 Kb8 30. Re3 Nc5 31. b4 Ne6 32. Qb6 Qc7 33. Qxc7+ Nxc7 34. Bxb7 Kxb7 35. Nd4 Rhe8 36. Rfe1 d5 37. e5 fxe5 38. fxe5 Re6 39. Rb3 1/2-1/2

[Event "Titled Tuesday intern op 08th Nov Early"]
[Site "Chess.com INT"]
[Date "2022.11.08"]
[Round "2"]
[White "Sibilio, Mario"]
[Black "Gu, Xiaobing"]
[Result "1-0"]
[WhiteElo "2279"]
[BlackElo "2167"]
[PlyCount "53"]
[EventDate "2022.11.08"]
[EventType "swiss (blitz)"]
[EventRounds "11"]
[EventCountry "USA"]
[SourceTitle "EXT 2024"]
[Source "ChessBase"]
[SourceDate "2023.10.10"]
[SourceVersion "1"]
[SourceVersionDate "2023.10.10"]
[SourceQuality "1"]

1. e4 c5 2. Nf3 d6 3. b3 Nf6 4. e5 dxe5 5. Nxe5 e6 6. Bb2 Bd6 7. f4 0-0 8. Na3 Na6 9. Nac4 Bb8 10. a3 Nc7 11. Bd3 Ncd5 12. 0-0 b5 13. Ne3 Bb7 14. Bxb5 Ne4 15. Bd3 Nxe3 16. dxe3 f6 17. Qf3 Nd6 18. Qh3 Nf5 19. Rad1 Qb6 20. Nc4 Qc7 21. Bxf5 exf5 22. Qxf5 Qc6 23. Rf2 Bc7 24. Qg4 Rae8 25. h4 Kh8 26. Rd7 Bc8 27. Qxg7# 1-0

[Event "Titled Tuesday intern op 08th Nov Late"]
[Site "Chess.com INT"]
[Date "2022.11.08"]
[Round "4"]
[White "Tymrakiewicz, Rafal"]
[Black "Sibilio, Mario"]
[Result "0-1"]
[WhiteElo "2144"]
[BlackElo "2279"]
[PlyCount "130"]
[EventDate "2022.11.08"]
[EventType "swiss (blitz)"]
[EventRounds "11"]
[EventCountry "USA"]
[SourceTitle "EXT 2024"]
[Source "ChessBase"]
[SourceDate "2023.10.10"]
[SourceVersion "1"]
[SourceVersionDate "2023.10.10"]
[SourceQuality "1"]

1. d4 Nf6 2. Bg5 c6 3. Nd2 d5 4. e3 Bf5 5. Bxf6 exf6 6. Bd3 Qd7 7. Bxf5 Qxf5 8. Ngf3 Bd6 9. c4 0-0 10. Qb1 Qe6 11. Qc2 f5 12. 0-0 Nd7 13. Rae1 Nf6 14. Ng5 Qd7 15. f4 Ne4 16. Ngxe4 fxe4 17. c5 Bc7 18. b4 f5 19. Rb1 a6 20. a4 h6 21. b5 axb5 22. axb5 g5 23. g3 gxf4 24. gxf4 Ra3 25. Rb3 Rxb3 26. Nxb3 cxb5 27. Kh1 Kh7 28. Rg1 Rg8 29. Rxg8 Kxg8 30. Qe2 Kh7 31. Qh5 Qe6 32. Kg2 Bd8 33. Kf2 Qg6 34. Qxg6+ Kxg6 35. Nc1 Ba5 36. Nb3 Bc3 37. Ke2 Kh5 38. Kd1 Kg4 39. Kc2 Be1 40. Kd1 Bb4 41. Nc1 Kf3 42. Na2 Ba5 43. Nc1 Kxe3 44. Nb3 Bc7 45. c6 bxc6 46. Nc5 Bb6 47. Ne6 Bxd4 48. Ng7 Bxg7 49. Kc2 d4 50. Kb3 d3 51. h4 d2 52. Kc2 d1Q+ 53. Kxd1 Kf2 54. h5 e3 55. Kc2 e2 56. Kb3 e1Q 57. Kc2 Qe2+ 58. Kb3 Qc4+ 59. Ka3 b4+ 60. Ka4 b3+ 61. Ka5 b2 62. Kb6 b1Q+ 63. Kc7 Qf7+ 64. Kd6 Bf8+ 65. Ke5 Qe4# 0-1

[Event "Titled Tuesday intern op 25th Oct Early"]
[Site "Chess.com INT"]
[Date "2022.10.25"]
[Round "9"]
[White "Herman, Daniel"]
[Black "Sibilio, Mario"]
[Result "1-0"]
[WhiteElo "1957"]
[BlackElo "2279"]
[PlyCount "55"]
[EventDate "2022.10.25"]
[EventType "swiss (blitz)"]
[EventRounds "11"]
[EventCountry "USA"]
[SourceTitle "EXT 2024"]
[Source "ChessBase"]
[SourceDate "2023.10.10"]
[SourceVersion "1"]
[SourceVersionDate "2023.10.10"]
[SourceQuality "1"]

1. e4 d6 2. d4 Nf6 3. Nc3 g6 4. Bg5 Bg7 5. Qd2 h6 6. Bf4 Nc6 7. Nge2 e5 8. dxe5 Nxe5 9. 0-0-0 Nc4 10. Qd4 Be6 11. Nd5 Nb6 12. Nec3 0-0 13. Qd2 Bxd5 14. exd5 g5 15. Be3 Ng4 16. Bd4 Ne5 17. b3 Qf6 18. h4 g4 19. f4 gxf3 20. gxf3 Qg6 21. Rg1 Nxf3 22. Rxg6 fxg6 23. Qg2 Nxd4 24. Qxg6 Rf6 25. Qg4 Raf8 26. Bd3 Rf4 27. Qg6 Nf5 28. Rg1 1-0

[Event "Titled Tuesday intern op 25th Oct Early"]
[Site "Chess.com INT"]
[Date "2022.10.25"]
[Round "4"]
[White "Mendez Fortes, Eduardo Jesus"]
[Black "Sibilio, Mario"]
[Result "1-0"]
[WhiteElo "2250"]
[BlackElo "2279"]
[PlyCount "59"]
[EventDate "2022.10.25"]
[EventType "swiss (blitz)"]
[EventRounds "11"]
[EventCountry "USA"]
[SourceTitle "EXT 2024"]
[Source "ChessBase"]
[SourceDate "2023.10.10"]
[SourceVersion "1"]
[SourceVersionDate "2023.10.10"]
[SourceQuality "1"]

1. e4 c5 2. Nf3 Nc6 3. d4 cxd4 4. Nxd4 Qb6 5. Nb3 g6 6. Nc3 Bg7 7. Be3 Qd8 8. Qd2 d6 9. Nd4 Nf6 10. f3 h5 11. Bc4 Bd7 12. 0-0-0 Rc8 13. Nxc6 bxc6 14. h3 h4 15. Bg5 Qa5 16. f4 Be6 17. Bxe6 fxe6 18. Bxf6 Bxf6 19. e5 dxe5 20. Qd7+ Kf7 21. fxe5 Qxe5 22. Rhe1 Qg5+ 23. Kb1 Bxc3 24. Qxe6+ Kg7 25. bxc3 Rc7 26. Rf1 Rb8+ 27. Ka1 Qc5 28. Rf7+ Kh6 29. Qe1 Qg5 30. Rd4 1-0

[Event "Titled Tuesday intern op 25th Oct Late"]
[Site "Chess.com INT"]
[Date "2022.10.25"]
[Round "8"]
[White "Osiecki, Stanislaw"]
[Black "Sibilio, Mario"]
[Result "1-0"]
[WhiteElo "2055"]
[BlackElo "2279"]
[PlyCount "89"]
[EventDate "2022.10.25"]
[EventType "swiss (blitz)"]
[EventRounds "11"]
[EventCountry "USA"]
[SourceTitle "EXT 2024"]
[Source "ChessBase"]
[SourceDate "2023.10.10"]
[SourceVersion "1"]
[SourceVersionDate "2023.10.10"]
[SourceQuality "1"]

1. e4 d6 2. d4 Nf6 3. Nc3 g6 4. f4 Bg7 5. Nf3 0-0 6. Be2 Bg4 7. h3 Bxf3 8. Bxf3 e5 9. dxe5 dxe5 10. Qxd8 Rxd8 11. 0-0 Nc6 12. Nd5 Nxd5 13. exd5 Nd4 14. c4 b5 15. fxe5 Nxf3+ 16. Rxf3 bxc4 17. Bf4 Rxd5 18. Rc1 Rd4 19. Be3 Re4 20. Bf4 Re8 21. Bg3 Bh6 22. Rcf1 Re7 23. Ra3 Be3+ 24. Bf2 R7xe5 25. Bxe3 Rxe3 26. Rxa7 Rc5 27. Ra8+ Kg7 28. Rf2 Re1+ 29. Kh2 Ra1 30. a3 c3 31. bxc3 Rxc3 32. a4 h5 33. a5 h4 34. a6 Rcc1 35. g4 Rh1+ 36. Kg2 Rag1+ 37. Kf3 Rxh3+ 38. Kf4 Ra1 39. a7 Rha3 40. Rh2 Ra4+ 41. Ke5 Rxa7 42. Rxa7 Rxa7 43. Rxh4 Ra5+ 44. Kd4 f5 45. g5 1-0

[Event "Titled Tuesday intern op 25th Oct Late"]
[Site "Chess.com INT"]
[Date "2022.10.25"]
[Round "5"]
[White "Ozates, Tuna"]
[Black "Sibilio, Mario"]
[Result "1-0"]
[WhiteElo "2251"]
[BlackElo "2279"]
[PlyCount "75"]
[EventDate "2022.10.25"]
[EventType "swiss (blitz)"]
[EventRounds "11"]
[EventCountry "USA"]
[SourceTitle "EXT 2024"]
[Source "ChessBase"]
[SourceDate "2023.10.10"]
[SourceVersion "1"]
[SourceVersionDate "2023.10.10"]
[SourceQuality "1"]

1. b3 d5 2. Bb2 Nc6 3. e3 a6 4. c4 d4 5. exd4 Nxd4 6. Nf3 c5 7. Be2 Nf6 8. 0-0 g6 9. Nxd4 cxd4 10. Bf3 Bg7 11. Re1 0-0 12. d3 Re8 13. Nd2 e5 14. b4 a5 15. a3 Qc7 16. c5 Be6 17. h3 Rad8 18. Qa4 Ra8 19. Qb5 Nd5 20. Bxd5 Bxd5 21. Nc4 Bxc4 22. Qxc4 h5 23. b5 Rac8 24. Rac1 Qd7 25. a4 Re6 26. Ba3 Kh7 27. Rc2 f5 28. Rec1 e4 29. c6 bxc6 30. bxc6 Qe8 31. c7 exd3 32. Qxd3 Re1+ 33. Rxe1 Qxe1+ 34. Kh2 Be5+ 35. g3 h4 36. Re2 hxg3+ 37. fxg3 Qf1 38. Qb5 1-0

[Event "Titled Tuesday intern op 25th Oct Late"]
[Site "Chess.com INT"]
[Date "2022.10.25"]
[Round "3"]
[White "Sibilio, Mario"]
[Black "Banzea, Alexandru Bogdan"]
[Result "0-1"]
[WhiteElo "2279"]
[BlackElo "2394"]
[PlyCount "84"]
[EventDate "2022.10.25"]
[EventType "swiss (blitz)"]
[EventRounds "11"]
[EventCountry "USA"]
[SourceTitle "EXT 2024"]
[Source "ChessBase"]
[SourceDate "2023.10.10"]
[SourceVersion "1"]
[SourceVersionDate "2023.10.10"]
[SourceQuality "1"]

1. Nf3 Nf6 2. d4 g6 3. c4 Bg7 4. e3 0-0 5. Be2 d6 6. Nc3 Nbd7 7. 0-0 e5 8. Qc2 Re8 9. Rd1 e4 10. Nd2 Qe7 11. f3 exf3 12. Nxf3 Nf8 13. h3 Bf5 14. Bd3 Bxd3 15. Qxd3 Ne4 16. Nxe4 Qxe4 17. Qxe4 Rxe4 18. Bd2 Bh6 19. Kf2 Rae8 20. Re1 f5 21. g3 Nd7 22. Re2 Nf6 23. Rae1 R4e7 24. Kg2 Ne4 25. Bc1 Bg7 26. d5 Nc5 27. Rd1 a5 28. Nd4 Re4 29. Kf1 Bh6 30. Kf2 R4e7 31. Kf3 Bg7 32. b3 h5 33. h4 Bh6 34. Bd2 Kf7 35. Rde1 b6 36. Nc6 Re4 37. Nd4 Nd3 38. Rd1 Ne5+ 39. Kg2 Ng4 40. Ne6 Bxe3 41. Bc3 Bh6 42. Rxe4 fxe4 0-1

[Event "Titled Tuesday intern op 25th Oct Late"]
[Site "Chess.com INT"]
[Date "2022.10.25"]
[Round "7"]
[White "Sibilio, Mario"]
[Black "Pakleza, Zbigniew"]
[Result "0-1"]
[WhiteElo "2279"]
[BlackElo "2496"]
[PlyCount "72"]
[EventDate "2022.10.25"]
[EventType "swiss (blitz)"]
[EventRounds "11"]
[EventCountry "USA"]
[SourceTitle "EXT 2024"]
[Source "ChessBase"]
[SourceDate "2023.10.10"]
[SourceVersion "1"]
[SourceVersionDate "2023.10.10"]
[SourceQuality "1"]

1. e4 d6 2. d4 Nf6 3. Nc3 c6 4. f4 Qb6 5. e5 Nd5 6. Nf3 Bg4 7. Be2 e6 8. Ne4 dxe5 9. fxe5 c5 10. c4 Nb4 11. a3 Bxf3 12. Bxf3 N4c6 13. dxc5 Bxc5 14. Nd6+ Bxd6 15. Qxd6 Nd7 16. Bf4 0-0-0 17. Bxc6 Qxc6 18. Qxc6+ bxc6 19. 0-0-0 Nc5 20. Kc2 a5 21. b4 axb4 22. axb4 Na6 23. Kc3 Rxd1 24. Rxd1 Rd8 25. Rxd8+ Kxd8 26. Be3 Kc7 27. g4 Nb8 28. Bc5 Nd7 29. Bd6+ Kb6 30. Kd4 f6 31. h4 Kb7 32. c5 Ka6 33. Kc4 fxe5 34. g5 e4 35. Bf4 g6 36. Bd2 Ne5+ 0-1

[Event "Titled Tuesday intern op 18th Oct Late"]
[Site "Chess.com INT"]
[Date "2022.10.18"]
[Round "5"]
[White "Sibilio, Mario"]
[Black "Aguilar, Juan"]
[Result "0-1"]
[WhiteElo "2279"]
[BlackElo "2254"]
[PlyCount "94"]
[EventDate "2022.10.18"]
[EventType "swiss (blitz)"]
[EventRounds "11"]
[EventCountry "USA"]
[SourceTitle "EXT 2024"]
[Source "ChessBase"]
[SourceDate "2023.10.10"]
[SourceVersion "1"]
[SourceVersionDate "2023.10.10"]
[SourceQuality "1"]

1. Nf3 Nf6 2. c4 g6 3. b3 Bg7 4. Bb2 0-0 5. g3 d6 6. Bg2 e5 7. d3 Nc6 8. 0-0 Bd7 9. Nc3 Qc8 10. Re1 Bh3 11. Bh1 Bg4 12. Rc1 Qd7 13. Qd2 Nd4 14. Ng5 Bh6 15. f3 Be6 16. h4 Nh5 17. e3 Nc6 18. g4 Bxg4 19. fxg4 Qxg4+ 20. Qg2 Qxh4 21. Nf3 Qg3 22. Nd5 Qxg2+ 23. Bxg2 Rac8 24. c5 Rfe8 25. Kf2 Bg7 26. Nd2 Nf6 27. cxd6 cxd6 28. Nc4 Rcd8 29. Nc7 Rf8 30. Ba3 Ne8 31. Bd5 Nxc7 32. Bxc6 bxc6 33. Bxd6 Ne6 34. Bxf8 Bxf8 35. Red1 f6 36. Na5 Nc5 37. Ke2 e4 38. d4 Nd3 39. Rxc6 Bd6 40. Nc4 Be7 41. Re6 Kf7 42. Rxe4 Nb4 43. a3 Nd5 44. Rg4 f5 45. Rgg1 Nc3+ 46. Kd3 Nxd1 47. Rxd1 h5 0-1

[Event "Titled Tuesday intern op 11th Oct Late"]
[Site "Chess.com INT"]
[Date "2022.10.11"]
[Round "2"]
[White "Poltorak, Sebastian"]
[Black "Sibilio, Mario"]
[Result "1-0"]
[WhiteElo "2332"]
[BlackElo "2279"]
[PlyCount "103"]
[EventDate "2022.10.11"]
[EventType "swiss (blitz)"]
[EventRounds "11"]
[EventCountry "USA"]
[SourceTitle "EXT 2024"]
[Source "ChessBase"]
[SourceDate "2023.10.10"]
[SourceVersion "1"]
[SourceVersionDate "2023.10.10"]
[SourceQuality "1"]

1. d4 Nf6 2. c4 e6 3. Nc3 Bb4 4. Qc2 0-0 5. e4 d5 6. e5 Ne4 7. Bd3 c5 8. Nf3 Nc6 9. 0-0 Bxc3 10. bxc3 cxd4 11. cxd4 Nb4 12. Qb1 Nxd3 13. Qxd3 b6 14. Ba3 Ba6 15. Rfc1 Re8 16. Qe3 f5 17. exf6 Qxf6 18. Ne5 Rac8 19. f3 Ng5 20. cxd5 exd5 21. Rxc8 Rxc8 22. Rc1 Nf7 23. Rxc8+ Bxc8 24. Ng4 Qd8 25. Ne5 Nxe5 26. dxe5 Qd7 27. Qd4 h5 28. h3 Qf7 29. Bb2 Be6 30. Kf2 Qg6 31. g4 hxg4 32. hxg4 Qc2+ 33. Kg3 Qc5 34. Qd1 Qe3 35. Bd4 Qa3 36. Qc2 Qb4 37. Qc6 Qe1+ 38. Kg2 Qe2+ 39. Kg3 Qe1+ 40. Kf4 Kf7 41. Qc7+ Kg6 42. Qc3 Qxc3 43. Bxc3 Kf7 44. Bd4 Kg6 45. Bc3 a5 46. Bd4 b5 47. Bb6 d4 48. Bxa5 Bxa2 49. Ke4 d3 50. Kxd3 Kf7 51. f4 g6 52. Kd4 1-0

[Event "Titled Tuesday intern op 11th Oct Late"]
[Site "Chess.com INT"]
[Date "2022.10.11"]
[Round "7"]
[White "Salman, Pavel"]
[Black "Sibilio, Mario"]
[Result "0-1"]
[WhiteElo "2287"]
[BlackElo "2279"]
[PlyCount "110"]
[EventDate "2022.10.11"]
[EventType "swiss (blitz)"]
[EventRounds "11"]
[EventCountry "USA"]
[SourceTitle "EXT 2024"]
[Source "ChessBase"]
[SourceDate "2023.10.10"]
[SourceVersion "1"]
[SourceVersionDate "2023.10.10"]
[SourceQuality "1"]

1. Nf3 Nf6 2. g3 b6 3. Bg2 Bb7 4. 0-0 g6 5. d3 Bg7 6. e4 0-0 7. e5 Ne8 8. Bf4 c5 9. Nc3 Nc6 10. Re1 Nc7 11. Qd2 Re8 12. Bh6 Bh8 13. Qg5 Ne6 14. Qh4 Qb8 15. Bf4 Ncd4 16. Ne4 Nxf3+ 17. Bxf3 Bxe5 18. Bxe5 Qxe5 19. Bg4 Qg7 20. Bxe6 dxe6 21. c3 e5 22. Re3 f6 23. Rae1 Rad8 24. g4 h6 25. Rh3 Rd7 26. Qxh6 Qxh6 27. Rxh6 Kg7 28. Rh3 Red8 29. Ree3 c4 30. dxc4 Rd1+ 31. Kg2 f5 32. gxf5 gxf5 33. Kf3 fxe4+ 34. Kg4 Rf8 35. Rhg3 Rf4+ 36. Kh5+ Kf6 37. Rg6+ Kf7 38. Reg3 Rh1 39. Rg7+ Ke8 40. h3 Rxf2 41. Rg8+ Kd7 42. R3g7 Rf3 43. h4 Rf4 44. Kg5 Rg1+ 45. Kh5 Rxg7 46. Rxg7 e3 47. Rg3 e2 48. Re3 Re4 49. Rd3+ Ke6 50. Kg5 e1Q 51. h5 Qh4+ 52. Kh6 Qf6+ 53. Kh7 Rh4 54. Kg8 Rxh5 55. Rh3 Qh8# 0-1

[Event "Titled Tuesday intern op 11th Oct Late"]
[Site "Chess.com INT"]
[Date "2022.10.11"]
[Round "6"]
[White "Sibilio, Mario"]
[Black "Ibadov, Dashgyn"]
[Result "0-1"]
[WhiteElo "2279"]
[BlackElo "2308"]
[PlyCount "116"]
[EventDate "2022.10.11"]
[EventType "swiss (blitz)"]
[EventRounds "11"]
[EventCountry "USA"]
[SourceTitle "EXT 2024"]
[Source "ChessBase"]
[SourceDate "2023.10.10"]
[SourceVersion "1"]
[SourceVersionDate "2023.10.10"]
[SourceQuality "1"]

1. e3 d5 2. Nf3 Nf6 3. b3 c5 4. Bb2 Nc6 5. Bb5 Bd7 6. 0-0 e6 7. Bxc6 Bxc6 8. Ne5 Qc7 9. f4 Bd6 10. Qf3 0-0-0 11. d3 Kb8 12. Nd2 Rhg8 13. h3 Rdf8 14. c4 Nd7 15. Nxc6+ Qxc6 16. Rac1 g5 17. f5 Ne5 18. Qe2 g4 19. Bxe5 Bxe5 20. hxg4 h5 21. Nf3 Bc7 22. fxe6 hxg4 23. Nd2 Qd6 24. Rf4 Qxe6 25. cxd5 Qxd5 26. Ne4 Bxf4 27. exf4 Qd4+ 28. Qf2 Qxf2+ 29. Kxf2 Rd8 30. Nxc5 b6 31. Na6+ Kb7 32. Nb4 a5 33. Nc2 Rxd3 34. Ne3 Rd2+ 35. Kg3 Rxa2 36. Nd5 Rd2 37. Nf6 Rgd8 38. Nxg4 R2d3+ 39. Kh4 Rxb3 40. Ne5 f6 41. Ng6 a4 42. g4 a3 43. g5 fxg5+ 44. Kxg5 a2 45. Ra1 Rd2 46. f5 Rb1 47. Rxa2 Rxa2 48. f6 Rg2+ 49. Kh6 Rxg6+ 50. Kxg6 Rf1 51. f7 b5 52. Kg7 b4 53. f8Q Rxf8 54. Kxf8 b3 55. Ke7 b2 56. Ke6 b1Q 57. Kf6 Qe4 58. Kf7 Kc6 0-1

[Event "Titled Tuesday intern op 11th Oct Late"]
[Site "Chess.com INT"]
[Date "2022.10.11"]
[Round "5"]
[White "Sibilio, Mario"]
[Black "Kavutskiy, Konstantin"]
[Result "1-0"]
[WhiteElo "2279"]
[BlackElo "2383"]
[PlyCount "35"]
[EventDate "2022.10.11"]
[EventType "swiss (blitz)"]
[EventRounds "11"]
[EventCountry "USA"]
[SourceTitle "EXT 2024"]
[Source "ChessBase"]
[SourceDate "2023.10.10"]
[SourceVersion "1"]
[SourceVersionDate "2023.10.10"]
[SourceQuality "1"]

1. e4 Nc6 2. d4 d6 3. d5 Nb8 4. f4 Nf6 5. Nc3 g6 6. e5 dxe5 7. fxe5 Ng4 8. Bf4 Bg7 9. Qe2 h5 10. h3 Nh6 11. Nf3 0-0 12. Qd2 Kh7 13. g4 c6 14. gxh5 cxd5 15. Nxd5 Be6 16. 0-0-0 Nc6 17. hxg6+ fxg6 18. Ng5+ 1-0

[Event "Titled Tuesday intern op 11th Oct Late"]
[Site "Chess.com INT"]
[Date "2022.10.11"]
[Round "11"]
[White "Sibilio, Mario"]
[Black "Leiva, German"]
[Result "0-1"]
[WhiteElo "2279"]
[BlackElo "2366"]
[PlyCount "86"]
[EventDate "2022.10.11"]
[EventType "swiss (blitz)"]
[EventRounds "11"]
[EventCountry "USA"]
[SourceTitle "EXT 2024"]
[Source "ChessBase"]
[SourceDate "2023.10.10"]
[SourceVersion "1"]
[SourceVersionDate "2023.10.10"]
[SourceQuality "1"]

1. d4 Nf6 2. c4 e6 3. Nc3 Bb4 4. Bg5 c5 5. d5 h6 6. Bh4 d6 7. e3 g5 8. Bg3 e5 9. Bd3 e4 10. Bc2 Bg4 11. Qd2 Qe7 12. h3 Bf5 13. a3 Ba5 14. b4 Bc7 15. bxc5 Na6 16. Ba4+ Kf8 17. cxd6 Bxd6 18. Nge2 Nc5 19. Bc2 a6 20. Nd4 Bd7 21. 0-0 h5 22. Nb3 h4 23. Bxd6 Qxd6 24. Nxc5 Qxc5 25. Nxe4 Nxe4 26. Bxe4 Qxc4 27. Qb2 Rh6 28. Qe5 Re8 29. Qxg5 Rh8 30. Bf3 Qc5 31. Qf6 Rg8 32. Rac1 Qe7 33. Qh6+ Rg7 34. d6 Qe5 35. Qxh4 Kg8 36. Qd4 Qf5 37. Bg4 Qg6 38. Rc7 Re4 39. Qd2 Bxg4 40. hxg4 Rxg4 41. g3 Rxg3+ 42. fxg3 Qxg3+ 43. Kh1 Rh7+ 0-1

[Event "Titled Tuesday intern op 11th Oct Late"]
[Site "Chess.com INT"]
[Date "2022.10.11"]
[Round "8"]
[White "Sibilio, Mario"]
[Black "Przybylski, Wojciech"]
[Result "0-1"]
[WhiteElo "2279"]
[BlackElo "2321"]
[PlyCount "50"]
[EventDate "2022.10.11"]
[EventType "swiss (blitz)"]
[EventRounds "11"]
[EventCountry "USA"]
[SourceTitle "EXT 2024"]
[Source "ChessBase"]
[SourceDate "2023.10.10"]
[SourceVersion "1"]
[SourceVersionDate "2023.10.10"]
[SourceQuality "1"]

1. e4 e5 2. Nf3 Nc6 3. Bb5 Nf6 4. d3 Bc5 5. 0-0 0-0 6. c3 Re8 7. d4 Bd6 8. Bxc6 bxc6 9. dxe5 Bxe5 10. Nxe5 Rxe5 11. f3 d6 12. Bf4 Rb5 13. Rf2 Rab8 14. b3 h6 15. c4 Rh5 16. Nc3 Be6 17. Qd2 Nd7 18. g4 Ra5 19. Be3 c5 20. h3 Rxb3 21. axb3 Rxa1+ 22. Kg2 Ne5 23. f4 Bxg4 24. hxg4 Qh4 25. Ne2 Rh1 0-1

[Event "Titled Tuesday intern op 04th Oct Late"]
[Site "Chess.com INT"]
[Date "2022.10.04"]
[Round "2"]
[White "Sibilio, Mario"]
[Black "Besedes, Danilo"]
[Result "0-1"]
[WhiteElo "2279"]
[BlackElo "2302"]
[PlyCount "76"]
[EventDate "2022.10.04"]
[EventType "swiss (blitz)"]
[EventRounds "11"]
[EventCountry "USA"]
[SourceTitle "EXT 2023"]
[Source "ChessBase"]
[SourceDate "2022.10.05"]
[SourceVersion "1"]
[SourceVersionDate "2022.10.05"]
[SourceQuality "1"]

1. Nf3 Nf6 2. d3 d5 3. Bg5 Nc6 4. Nbd2 e5 5. e4 d4 6. Be2 Be6 7. 0-0 h6 8. Bh4 g5 9. Bg3 Nd7 10. c3 Bg7 11. cxd4 exd4 12. a3 a5 13. Rc1 0-0 14. Nb3 Ra6 15. Nc5 Nxc5 16. Rxc5 Rb6 17. Qc1 Qe7 18. h4 f6 19. Re1 Rf7 20. Nh2 Bf8 21. Rc2 Qd7 22. f4 Bd6 23. Bh5 Rg7 24. Rf2 Rb3 25. f5 Bf7 26. Bxf7+ Rxf7 27. Bxd6 Qxd6 28. Ng4 Kg7 29. hxg5 hxg5 30. Qc4 Rb6 31. e5 Nxe5 32. Nxe5 fxe5 33. Qc1 Qh6 34. Re4 Rb5 35. Rg4 Kf6 36. Rc2 c6 37. Rc5 Rxc5 38. Qxc5 Qf8 0-1

[Event "Titled Tuesday intern op 27th Sep Late"]
[Site "Chess.com INT"]
[Date "2022.09.27"]
[Round "1"]
[White "Sibilio, Mario"]
[Black "Nasuta, Grzegorz"]
[Result "0-1"]
[WhiteElo "2279"]
[BlackElo "2531"]
[PlyCount "60"]
[EventDate "2022.09.27"]
[EventType "swiss (blitz)"]
[EventRounds "11"]
[EventCountry "USA"]
[SourceTitle "CBM 210 Extra"]
[Source "ChessBase"]
[SourceDate "2022.11.30"]
[SourceVersion "1"]
[SourceVersionDate "2022.11.30"]
[SourceQuality "1"]

1. d4 d5 2. Nf3 Nf6 3. c4 c6 4. Nc3 dxc4 5. e4 b5 6. a3 Bg4 7. h3 Bxf3 8. Qxf3 Qxd4 9. Be3 Qd7 10. Rd1 Qc7 11. Be2 e5 12. g4 Be7 13. g5 Nfd7 14. Qg3 Na6 15. Bg4 Nac5 16. 0-0 0-0 17. f4 Nd3 18. f5 Bc5 19. f6 Bxe3+ 20. Qxe3 Qb6 21. Qxb6 Nxb6 22. fxg7 Kxg7 23. b3 Nf4 24. Rd6 cxb3 25. Rxc6 Nc4 26. Nxb5 Nd2 27. Re1 b2 28. Nc3 Rab8 29. Nb1 Rfd8 30. Rc2 Nd3 0-1

[Event "Titled Tuesday intern op 27th Sep Late"]
[Site "Chess.com INT"]
[Date "2022.09.27"]
[Round "11"]
[White "Wan, Caleb"]
[Black "Sibilio, Mario"]
[Result "1-0"]
[WhiteElo "1994"]
[BlackElo "2279"]
[PlyCount "81"]
[EventDate "2022.09.27"]
[EventType "swiss (blitz)"]
[EventRounds "11"]
[EventCountry "USA"]
[SourceTitle "CBM 210 Extra"]
[Source "ChessBase"]
[SourceDate "2022.11.30"]
[SourceVersion "1"]
[SourceVersionDate "2022.11.30"]
[SourceQuality "1"]

1. e4 d6 2. d4 Nf6 3. Nc3 g6 4. Nf3 Bg7 5. Be2 0-0 6. 0-0 a6 7. a4 Nc6 8. d5 Nb4 9. a5 e6 10. Ra4 c5 11. dxc6 Nxc6 12. Be3 Ng4 13. Bb6 Qe7 14. Re1 Bd7 15. Bf1 Rfc8 16. h3 Nge5 17. Nxe5 dxe5 18. Rc4 Nd4 19. Rb4 Qxb4 20. Ne2 Nxc2 21. Qxd7 Qxe1 22. Nc3 Nd4 23. Qxb7 Rcb8 24. Qc7 Rc8 25. Qb7 h5 26. g3 h4 27. g4 Nf3+ 28. Kg2 Ng5 29. Bd3 Qd2 30. Bf1 Qf4 31. Be3 Qf3+ 32. Kh2 Rab8 33. Qa7 Rxb2 34. Bg2 Rxf2 35. Bxf2 Qxc3 36. Qxa6 Qc2 37. Qb6 Rc3 38. a6 Nf3+ 39. Bxf3 Rxf3 40. Kg2 Rg3+ 41. Kh2 1-0

[Event "Titled Tuesday intern op 20th Sep Late"]
[Site "Chess.com INT"]
[Date "2022.09.20"]
[Round "3"]
[White "Capp, Stephen P"]
[Black "Sibilio, Mario"]
[Result "0-1"]
[WhiteElo "1920"]
[BlackElo "2279"]
[PlyCount "64"]
[EventDate "2022.09.20"]
[EventType "swiss (blitz)"]
[EventRounds "11"]
[EventCountry "USA"]
[SourceTitle "EXT 2023"]
[Source "ChessBase"]
[SourceDate "2022.10.05"]
[SourceVersion "1"]
[SourceVersionDate "2022.10.05"]
[SourceQuality "1"]

1. e4 c5 2. Nc3 a6 3. a4 Nc6 4. f4 e6 5. Bc4 Nf6 6. Bb3 d5 7. e5 c4 8. exf6 cxb3 9. fxg7 Bxg7 10. Nf3 bxc2 11. Qxc2 Qb6 12. d3 Bd7 13. Bd2 Rc8 14. a5 Nxa5 15. Rxa5 Qxa5 16. 0-0 Qb6+ 17. d4 Bxd4+ 18. Nxd4 Qxd4+ 19. Kh1 Qc4 20. Qd1 Rg8 21. Rg1 Bc6 22. Be3 d4 23. Bxd4 Rd8 24. Ne2 Qd5 25. Qf1 Qe4 26. Bb6 Rd2 27. Ng3 Qc2 28. h3 Rxg3 29. Kh2 Rgxg2+ 30. Rxg2 Rxg2+ 31. Kh1 Rh2+ 32. Kg1 Rh1# 0-1